000 00592nam a2200205 u 4500
005 20240803063804.0
008 100525s2008 r 000 0 eng d
020 _a9788420473222
035 _aUPN01000176137
049 _aCG
050 4 _aPQ6662 A4.6
_bM5
100 1 _aLalana, Fernando,
_d1958-
_930475
245 1 0 _a1808 :
_blos cañones de Zaragoza /
_cFernando Lalana, José Ma. Almárcegui.
260 _aMadrid :
_bAlfaguara,
_c2008.
300 _a303 p.
440 0 _aRoja
650 4 _aNovela española
_910814
700 1 _aAlmárcegui, José María,
_ecoaut.
905 _aLibro
999 _c148240
_d148240